000 02286nam a2200229 4500
005 20160310104931.0
008 160310s1920 ck |||fr|||| 001 0 spa d
040 _aCO-BoUCM
_bspa
_cSandra Yazo
_dSandra Yazo
041 0 _aspa
082 0 4 _220
_a616.6
092 _aE38N110
100 1 _aLombana Pérez, Joaquín
_976131
245 1 0 _aTratado de urología moderna aplicado a la clínica
_cpor Joaquín Lombana Pérez
260 _aBogotá (Colombia)
_bCasa editorial Minerva
_c1920
300 _axxii, 575 páginas
_c24 x 17 cm.
500 _aDetalles físicos: Encuadernación flexible en cartulina. Tapa con datos de publicación impresos, casi desprendida, rota. Portada impresa en una sola tinta, rota. Dedicatoria con una anotación manuscrita. Texto impreso en una sola columna. Notas al pie de página. Algunas tablas y gráficas entre el texto. Primeras hojas con roturas. Notoria mancha de humedad. Hojas sueltas. Incluye una hoja plegada con el formato de los analisis de orina
505 1 _aImportancia del análisis de orina ; Comentarios y observaciones personales relativas a la deficiencia de los análisis urológicos ; Importancia de los datos de los análisis de orina, su definición, división, clasificación ; Exegesis del análisis y supresión de las conclusiones en el informe del laboratorio ; Datos biológicos extrínsecos: Los alimentos, el ejercicio, el trabajo intelectual y el sistema nervioso en relación con la orina, el clima, la temperatura, la luminosidad ; Examen de orina: propiedades organolépticas ; Determinaciones físicas ; Volumen de la orina ; Estudio y consideraciones teóricas sobre el volumen de la diuresis ; Determinaciones urinarias de orden físico, de importancia secundaria ; Examen microscópico de la orina centrifugada ; Investigación de histología urinaria ; Resumen anatómico-histológico del aparato urinario ; Resumen anatomo-histológico de los canales conectores: los cálices, bacinetes y uréteres ; De las células de las vías urinarias ; Cilindros renales ; Examen microcopia de los elemento no organizados, cristalinos y amorfos de sedimento urinario
506 _aConsulta en sala
650 7 _9418
_aUrología
690 _aMedicina clínica
_919136
942 _2LOCAL
_cLIBRO
_e1
_hE38N110
999 _c302981
_d302981